Logo BPK

Biblioteka

Politechniki Koszalińskiej

Wortschatz der deutschen Sprache in der DDR : (Rekord nr 45571)

Szczegóły MARC
000 -ETYKIETA REKORDU
podpole kontrolne o stałej długości 00836nam a2200229 i 4500
001 - NUMER KONTROLNY REKORDU
pole kontrolne bg
003 - IDENTYFIKATOR NUMERU KONTROLNEGO REKORDU
podpole kontrolne BPK
005 - DATA OSTATNIEJ MODYFIKACJI REKORDU
podpole kontrolne 20210128083511.0
008 - POLE O STAŁEJ DŁUGOŚCI - DANE KONTROLNE
podpole kontrolne o stałej długości 101010s1987 gw f |000 0 ger d
020 ## - MIĘDZYNARODOWY ZNORMALIZOWANY NUMER KSIĄŻKI - ISBN
ISBN 3323000854
040 ## - ŹRÓDŁO KATALOGOWANIA
Instytucja, która utworzyła rekord BPK
041 0# - KOD JĘZYKA
Kod języka tekstu ger
080 ## - UNIWERSALNA KLASYFIKACJA DZIESIĘTNA - UKD
UKD 811.112.2'27/'37
245 00 - TYTUŁ/ODPOWIEDZIALNOŚĆ
Tytuł Wortschatz der deutschen Sprache in der DDR :
Ciąg dalszy tytułu Fragen seines Aufbaus und seiner Verwendungsweise /
Pozostałe elementy strefy tytułu i oznaczenia odpowiedzialności von einem Autorenkollektiv unter Leitung von Wolfgang Fleischer.
260 ## - STREFA ADRESU WYDAWNICZEGO
Miejsce wydania Leipzig :
Nazwa wydawcy/dystrybutora VEB Bibliographisches Institut Leipzig,
Data publikacji, dystrybucji/powstania dokumentu 1987.
300 ## - STREFA OPISU FIZYCZNEGO
Objętość 366 s. ;
Rozmiary 22 cm.
504 ## - UWAGA DOTYCZĄCA BIBLIOGRAFII
Informacje o bibliografii Bibliogr.
650 #4 - HASŁO PRZEDMIOTOWE W FORMIE NAZWY OGÓLNEJ LUB JEDNOSTKOWEJ
Nazwa ogólna lub geograficzna Język niemiecki
Określnik ogólny słownictwo.
700 1# - HASŁO DODATKOWE - NAZWA OSOBOWA
Nazwa osobowa Fleischer, Wolfgang
Daty związane z nazwą (1922-1999)
Określenie związku między hasłem a opisywanym materiałem Redakcja
856 ## - LOKALIZACJA I DOSTĘP DO ELEKTRONICZNYCH DOKUMENTÓW ZDALNYCH
Link (URL) http://koha.tu.koszalin.pl/cgi-bin/koha/opac-detail.pl?biblionumber=45571
Tekst linku Katalog online BPK
942 ## - DODATKOWE ELEMENTY (KOHA)
Typ dokumentu Książka
Schemat klasyfikacji Uniwersalna Klasyfikacja Dziesiętna
Egzemplarze
Wycofany Status egzemplarza Uszkodzony Dostępność Lokalizacja stała Lokalizacja bieżąca Miejsce przechowywania Sygnatura Kod kreskowy Typ dokumentu
      Dostępny Biblioteka Politechniki Koszalińskiej Biblioteka Politechniki Koszalińskiej Wypożyczalnia BG 74515 02246277 Książka
      Tylko na miejscu Biblioteka Politechniki Koszalińskiej Biblioteka Politechniki Koszalińskiej Czytelnia Wydziałowa ul. Kwiatkowskiego 6e N 1357 02437422 Książka
© 2023 Biblioteka Politechniki Koszalińskiej :: KOHA